[Event "AUT-chT2W 9596"]
[Site "Austria"]
[Date "1995.??.??"]
[Round "?"]
[White "Schuster, Michael"]
[Black "Opl, Klaus"]
[Result "1/2-1/2"]
[WhiteElo "2205"]
[BlackElo "2315"]

1.c4 e5 2.g3 Nf6 3.Bg2 c6 4.d4 exd4 5.Qxd4 d5 6.Nc3 dxc4 7.Qxc4 Be6 8.Qa4 Bc5
9.Nf3 O-O 10.O-O Nbd7 11.Qc2 h6 12.b3 Re8 13.Bb2 Qa5 14.Rad1 Bf5 15.Qc1 Ng4
16.Nd4 Bg6 17.Na4 Bb6 18.h3 Ngf6 19.Nxb6 axb6 20.a4 Nc5 21.Qc4 Nce4 22.Nf3 Bf5
23.Bxf6 Nxf6 24.Nd4 Bd7 25.e3 Qh5 26.Qe2 Qe5 27.Nf3 Qe7 28.Qd2 Rad8 29.Qc2 c5
30.Nd2 Bc6 31.Nc4 Nd5 32.Qb2 Qe6 33.Kh2 Nb4 34.Bxc6 Qxc6 35.Qe2 Nd5 36.Qg4 Qf6
37.e4 Nc3 38.Rxd8 Qxd8 39.e5 Qd3 40.Re1 Re6 41.Re3 Qc2 42.Qf3 Nd1  1/2-1/2

[Event "AUT-chT2S 9596"]
[Site "AUT"]
[Date "1995.??.??"]
[Round "?"]
[White "Spindelboeck, Gernot"]
[Black "Perhinig, Robert"]
[Result "1-0"]
[WhiteElo "2200"]
[BlackElo "2235"]

1.c4 e5 2.g3 Nc6 3.Bg2 g6 4.Nc3 Bg7 5.d3 d6 6.Rb1 a5 7.a3 Nge7 8.e3 O-O 9.Nge2 Be6
10.Nd5 Qd7 11.O-O f5 12.f4 h6 13.b4 axb4 14.axb4 g5 15.b5 Nd8 16.Bd2 Bxd5
17.cxd5 b6 18.Qc2 Ra7 19.e4 gxf4 20.gxf4 fxe4 21.dxe4 Qg4 22.h3 Qh5 23.f5 Bf6
24.Ng3 Qh4 25.Be1 Kh8 26.Qe2 Qg5 27.Kh2 Ra3 28.Rf3 Rxf3 29.Qxf3 Nb7 30.Ra1 Qf4
31.Bf2 Bh4 32.Be3 Bxg3+ 33.Qxg3 Qxg3+ 34.Kxg3 Kg7 35.Ra7 Rb8 36.Kg4 Nc8 37.Ra3 Na5
38.Kh5 Na7 39.Bxh6+ Kh7 40.Bf1 Rd8 41.Rg3 Rd7 42.h4 Rf7 43.Rg6 Nb3 44.f6 Nd4
45.Bh3  1-0

[Event "Bad Endbach"]
[Site "Bad Endbach"]
[Date "1995.??.??"]
[Round "?"]
[White "Levin, Felix"]
[Black "Romanishin, Oleg M"]
[Result "1/2-1/2"]
[WhiteElo "2490"]
[BlackElo "2595"]

1.c4 e5 2.g3 Nf6 3.Bg2 d5 4.cxd5 Nxd5 5.Nf3 Nc6 6.O-O Be7 7.Nc3 Nb6 8.Rb1 a5
9.b3 O-O 10.Bb2 f5 11.d3 Kh8 12.Nd2 Be6 13.Nc4 Bf6 14.a3 Rf7 15.Nxb6 cxb6
16.e4 Rd7 17.Nd5 Bxd5 18.exd5 Ne7 19.Qe2 Nxd5 20.Bxe5 Qe8 21.Rbe1 Nc3 22.Qe3 Qxe5
23.Qxe5 Bxe5 24.Rxe5 g6 25.Re6 b5 26.Rfe1 Rad8 27.Bf1 Kg7 28.Rb6 Rc7 29.f4 Kf7
30.Kg2 Rdd7 31.Rc1 Ke7 32.Re1+ Kf7 33.Re5 Rc6 34.Rxc6 bxc6 35.Rc5 Nb1 36.Rxc6 Nxa3
37.Ra6 Nc2 38.Kf2 Nb4 39.Rxa5 Nxd3+ 40.Ke3 Nb4 41.Bxb5 Nc2+ 42.Ke2 Nd4+ 43.Kf1 Nxb5
44.Rxb5 Rd2 45.Rb7+ Ke6 46.Rxh7 Rb2 47.Rg7 Kf6 48.Rb7 Rxh2 49.Rd7 Rb2 50.Rd6+ Kg7
51.Rd3 g5 52.fxg5 Kg6 53.Ke1 Kxg5 54.Kd1 Kg4 55.Kc1 Rg2 56.b4 Rxg3 57.Rxg3+ Kxg3
58.b5 f4 59.b6 f3 60.b7 f2  1/2-1/2

[Event "Badalona op"]
[Site "Badalona"]
[Date "1995.??.??"]
[Round "2"]
[White "Marin, Mihail"]
[Black "Navarro, Nelson"]
[Result "1-0"]
[WhiteElo "2520"]
[BlackElo "2320"]

1.c4 e5 2.g3 f5 3.d4 Nc6 4.dxe5 Nxe5 5.Qd4 Bb4+ 6.Bd2 Bxd2+ 7.Nxd2 d6 8.c5 Nf6
9.cxd6 Qxd6 10.Qxd6 cxd6 11.Bg2 Be6 12.Ngf3 Bd5 13.O-O Ke7 14.Nd4 Bxg2 15.Kxg2 g6
16.Rfe1 d5 17.h3 Rac8 18.Red1 a6 19.N2f3 Nf7 20.Rd3 Rhe8 21.Rad1 Kd6 22.Rb3 Rc7
23.Rb6+ Rc6 24.Rxb7 Nd8 25.Rb8 Nd7 26.Nxc6 Nxb8 27.Nxb8 Rxe2 28.Nxa6 Rxb2
29.a3 Nc6 30.Nd4 Ne5 31.Nb4 Nc4 32.Rd3 Nxa3 33.Nxd5 Kxd5 34.Nf3+ Ke6 35.Rxa3 Rb7
36.h4 Kf6 37.Ra6+ Kg7 38.Rc6 Re7 39.Ng5 Kh6 40.Rc8 Ra7 41.Rh8 Rb7 42.Kf3 Ra7
43.Rxh7+ Rxh7 44.Nxh7 Kxh7 45.Kf4 Kh6 46.Ke5 Kh5 47.Kf6 Kh6 48.f4  1-0

[Event "Badenweiler op"]
[Site "Badenweiler"]
[Date "1995.??.??"]
[Round "6"]
[White "Schlosser, Philipp"]
[Black "Tischbierek, Raj"]
[Result "1/2-1/2"]
[WhiteElo "2500"]
[BlackElo "2495"]

1.c4 e5 2.g3 Nf6 3.Bg2 Nc6 4.Nc3 Bc5 5.a3 a5 6.e3 d6 7.Nge2 O-O 8.O-O Ba7
9.d3 Bd7 10.h3 Qc8 11.Kh2 Ne7 12.e4 Ne8 13.f4 c6 14.d4 f6 15.Be3 Nc7 16.Qd3 Be6
17.b4 b5 18.cxb5 cxb5 19.d5 Bd7 20.fxe5 fxe5  1/2-1/2

[Event "Balatonbereny op"]
[Site "Balatonbereny"]
[Date "1995.??.??"]
[Round "9"]
[White "Horvath, Gyula"]
[Black "Szabo, Zsolt"]
[Result "0-1"]
[WhiteElo "2440"]
[BlackElo "2355"]

1.c4 e5 2.g3 c6 3.Bg2 d5 4.cxd5 cxd5 5.d4 exd4 6.Nf3 Bb4+ 7.Nbd2 d3 8.e3 Nc6
9.O-O Nf6 10.Nb3 Bf5 11.Nbd4 Be4 12.Nxc6 bxc6 13.Ne5 Qb6 14.Nxd3 Be7 15.b3 O-O
16.Bb2 Rfd8 17.Rc1 Bxg2 18.Kxg2 Ne4 19.Qg4 Bf6 20.Bxf6 Nxf6 21.Qa4 Rac8 22.Nc5 Re8
23.Rc2 Ne4 24.Rfc1 Nd6 25.Nd3 Nb5 26.Nb4 d4 27.Rxc6 Qb7 28.Qa6 Qxa6 29.Nxa6 Rxc6
30.Rxc6 d3 31.Kf1 d2  0-1

[Event "Balatonbereny-B"]
[Site "Balatonbereny"]
[Date "1995.??.??"]
[Round "10"]
[White "Petran, Pal"]
[Black "Grund, Holger"]
[Result "0-1"]
[WhiteElo "2420"]
[BlackElo "2335"]

1.c4 e5 2.g3 Nf6 3.Bg2 Nc6 4.Nc3 Bb4 5.Nd5 O-O 6.a3 Bc5 7.b4 Bd4 8.Rb1 Nxd5
9.cxd5 Ne7 10.Nf3 d6 11.Nxd4 exd4 12.Bb2 Nf5 13.O-O h5 14.e4 dxe3 15.dxe3 Qg5
16.e4 Nh6 17.Rc1 h4 18.Qd4 hxg3 19.hxg3 Ng4 20.f3 Nf6 21.g4 Ne8 22.e5 b6
23.Rfe1 Bb7 24.Rcd1 dxe5 25.Rxe5 Qg6 26.Bf1 f6 27.Re7 Rd8 28.Bc4 Nd6 29.Bd3 Qh6
30.Kg2 Rf7 31.Bc1 Qxc1 32.Rxc1 Rxe7 33.b5 Nf7 34.Be4 Nd6 35.a4 Nxe4 36.fxe4 Rxe4
37.Qf2 Rxg4+ 38.Kh3 Bc8 39.Rxc7  0-1

[Event "Regionalliga SO9495"]
[Site "Bayern"]
[Date "1995.??.??"]
[Round "1"]
[White "Scheipl, Ralf"]
[Black "Seitz, Michael"]
[Result "1-0"]
[WhiteElo "2265"]
[BlackElo "2105"]

1.c4 e5 2.g3 Nc6 3.Bg2 Nf6 4.Nc3 Bb4 5.Nf3 O-O 6.O-O e4 7.Ne1 Bxc3 8.dxc3 Re8
9.Bg5 h6 10.Bxf6 Qxf6 11.Nc2 d6 12.Ne3 Bf5 13.f4 Qe6 14.Qd5 Qxd5 15.cxd5 Ne7
16.Rad1 Rad8 17.Rd4 Bd7 18.Bxe4 Nc8 19.Nc4 c5 20.dxc6 bxc6 21.Bf3 c5 22.Rd2 Bb5
23.Na5 Nb6 24.b3 d5 25.Nb7 Rd7 26.Nxc5 Rc7 27.b4 Nc4 28.Rd4 Ne3 29.Rc1 Bc4
30.Rd2 g5 31.h3 f5 32.Nd3 g4 33.hxg4 fxg4 34.Bh1 Nf5 35.Kf2 Re3 36.Ne5 h5
37.Nxc4 dxc4 38.Rd5 Rce7 39.Rxf5 Rxe2+ 40.Kf1 R2e3 41.Rg5+ Kf7 42.Rxh5 Kf6
43.Re5  1-0

[Event "Regionalliga SW9495"]
[Site "Bayern"]
[Date "1995.??.??"]
[Round "1"]
[White "Schunk, Herbert"]
[Black "Mueller, Heinz"]
[Result "0-1"]
[WhiteElo "2105"]
[BlackElo "2200"]

1.c4 e5 2.g3 g6 3.Nf3 e4 4.Nd4 Bg7 5.Nc2 f5 6.d3 Nf6 7.Bg2 exd3 8.Qxd3 O-O
9.O-O d6 10.Nc3 Nbd7 11.Ne3 Nc5 12.Qc2 Re8 13.b3 c6 14.Rd1 Qe7 15.Ba3 Nfe4
16.Nxe4 Nxe4 17.Rac1 Nxf2 18.Nd5 cxd5 19.Bxd5+ Be6 20.Kxf2 Bxd5 21.cxd5 Qe3+
22.Kg2 Rad8 23.Rf1 Qxe2+ 24.Qxe2 Rxe2+ 25.Rf2 Rxf2+ 26.Kxf2 Rd7 27.Bb4 Kf7
28.Ba5 Bd4+ 29.Kf3 Bc5 30.Re1 Bd4 31.h3 b6 32.Bb4 a5 33.Ba3 b5 34.Re2 b4
35.Bc1 Rc7 36.Bf4 Rc3+ 37.Kg2 Rd3 38.Bxd6 Bf6 39.Bc7 Rxd5 40.Bb6 Be5 41.Rc2 Rd3
42.Bf2 Rc3 43.Re2 Bd6 44.Be1 Rc1 45.Kf3 Rd1 46.Bf2 Rd3+ 47.Re3 Rc3 48.Be1  0-1

[Event "Regionalliga SO9495"]
[Site "Bayern"]
[Date "1995.??.??"]
[Round "1"]
[White "Scheipl, Ralf"]
[Black "Riediger, Martin"]
[Result "1/2-1/2"]
[WhiteElo "2265"]
[BlackElo "2205"]

1.c4 e5 2.g3 Nf6 3.Nc3 Bb4 4.Bg2 O-O 5.Nf3 Re8 6.O-O e4 7.Nd4 Nc6 8.Nc2 Bxc3
9.dxc3 h6 10.Ne3 d6 11.Qc2 Nb8 12.Rd1 Nbd7 13.b4 Qe7 14.Rd4 c5 15.Rd1 Nb6
16.bxc5 dxc5 17.Nd5 Nfxd5 18.cxd5 Nc4 19.Qb3 Nd6 20.a4 Bg4 21.Qa2 Rad8 22.a5 Qd7
23.Rb1 Nb5 24.Qc4 Bxe2 25.Qxe2 Nxc3 26.Qc2 Nxd1 27.Qxd1 Qxd5 28.Qxd5 Rxd5
29.Be3 c4 30.Rxb7 Rd1+ 31.Bf1 Rc8 32.Kg2 c3 33.Rxa7 c2 34.Re7 Re1 35.Bd2 Rd8
36.Bxe1 c1=Q 37.Rxe4 Qc6 38.f3 Re8 39.Rxe8+ Qxe8 40.Bf2 Qa4 41.a6 f5 42.a7 Qc6
43.h3 h5 44.Kh2 Qxf3 45.Bg2 Qxf2 46.a8=Q+ Kh7 47.h4 Qd4 48.Qf8 Kg6 49.Qe8+ Kh6
50.Qe7 g6 51.Qg5+ Kg7 52.Qf4 Qd1 53.Bf3 Qe1 54.Bxh5 gxh5 55.Qg5+ Kh8 56.Qxh5+ Kg8
57.Qxf5 Qc3 58.h5 Qc1 59.Qg6+ Kh8 60.h6 Qh1+  1/2-1/2

[Event "Regionalliga NO9495"]
[Site "Bayern"]
[Date "1995.??.??"]
[Round "2"]
[White "Kotissek, Philipp"]
[Black "Wulfmeyer, Johannes"]
[Result "1/2-1/2"]
[WhiteElo "2055"]
[BlackElo "2055"]

1.c4 e5 2.g3 Nc6 3.Bg2 f5 4.Nc3 Nf6 5.d3 g6 6.Nf3 Bg7 7.O-O d6 8.Rb1 a5 9.a3 O-O
10.b4 axb4 11.axb4 h6 12.Qc2 g5 13.b5 Ne7 14.c5 Be6 15.b6 c6 16.Na4 Ned5
17.cxd6 Rxa4 18.Qxa4 Nc3 19.Qc2 Nxb1 20.Qxb1 Qxd6 21.Qa1 Nd7 22.Bb2 Bd5 23.Rb1 Re8
24.Qa5 Bf8 25.Bc3 Qc5 26.Qa1 Qd6 27.Qb2 Bxf3 28.Bxf3 Ra8 29.Qb3+ Kg7 30.Bh5 Qd5
31.Qxd5 cxd5 32.Bf3 d4 33.Bxb7 Rb8 34.Bc6 Rxb6 35.Rxb6 Nxb6 36.Ba5 Bc5 37.Kf1 Kf6
38.Ke1 Ke7 39.Bxb6 Bxb6 40.Kd2 Ba5+ 41.Kd1  1/2-1/2

[Event "Regionalliga NO9495"]
[Site "Bayern"]
[Date "1995.??.??"]
[Round "6"]
[White "Muehlbauer, Franz"]
[Black "Zach, Andreas"]
[Result "1/2-1/2"]
[WhiteElo "2065"]
[BlackElo "1855"]

1.c4 e5 2.g3 Nf6 3.Bg2 Be7 4.Nc3 c6 5.Nf3 d6 6.O-O O-O 7.d3 Bg4 8.h3 Be6
9.b3 Ne8 10.d4 exd4 11.Nxd4 Bd7 12.Bb2 Na6 13.Qd2 Nac7 14.Rad1 Nf6 15.e4 Qc8
16.Kh2 h6 17.Rfe1 Rd8 18.Qe2 Nh7 19.g4 Bg5 20.Nf5 Ne8 21.Qf3 Qc7 22.Qg3 Be6
23.Ne2 Bxf5 24.exf5 Bf6  1/2-1/2

[Event "Regionalliga NO9495"]
[Site "Bayern"]
[Date "1995.??.??"]
[Round "6"]
[White "Muehlbauer, Franz"]
[Black "Heusinger, Martin"]
[Result "0-1"]
[WhiteElo "2065"]
[BlackElo "1960"]

1.c4 e5 2.g3 Nf6 3.Bg2 Nc6 4.Nc3 g6 5.Nf3 Bg7 6.O-O O-O 7.d3 d6 8.Nd2 Rb8
9.Rb1 Bd7 10.b4 Nd4 11.e3 Ne6 12.b5 c5 13.Nf3 Nh5 14.Nd5 f5 15.Bb2 Nf6 16.Nd2 Nxd5
17.Bxd5 Kh8 18.Bg2 g5 19.f4 gxf4 20.exf4 Nd4 21.Nf3 Qc7 22.Ng5 Ne6 23.Nxe6 Bxe6
24.Qe2 Rbe8 25.Rbe1 Bd7 26.Qf3 Bc8 27.Qd5 Re7 28.Re3 Rfe8 29.Rfe1 b6 30.Qc6 Qb8
31.Qf3 Bb7 32.Qh5 Bxg2 33.Kxg2 Qc8 34.Qf3 Kg8 35.Qd5+ Qe6 36.Qxe6+ Rxe6 37.Kf2 Kf7
38.fxe5 dxe5 39.Rf3 e4 40.dxe4 Bxb2 41.Rxf5+ Rf6 42.g4 Rxf5+ 43.gxf5 Kf6
44.Kf3 Rg8 45.Re2 Bd4 46.Kf4 Be5+ 47.Kf3 Rg1 48.Rd2 Bd4 49.Kf4 Rc1 50.Rg2 Be5+
51.Kg4 Rxc4 52.Re2 Rd4 53.h4 c4 54.Kf3 c3 55.Ke3 Rb4 56.Rg2  0-1

[Event "Berga op"]
[Site "Berga"]
[Date "1995.??.??"]
[Round "6"]
[White "Marin, Mihail"]
[Black "Korneev, Oleg"]
[Result "1/2-1/2"]
[WhiteElo "2520"]
[BlackElo "2605"]

1.c4 e5 2.g3 Nf6 3.Bg2 Nc6 4.Nf3 Bc5 5.O-O d6 6.Nc3 a6 7.d3 O-O 8.a3 Ba7
9.b4 Bf5 10.Bb2 Qd7 11.Nd5 Nxd5 12.cxd5 Ne7 13.Qb3 c6 14.dxc6 Nxc6 15.Nd2 Be6
16.Bd5 Bh3 17.Bg2 Be6 18.Bd5 Bh3 19.Bg2 Be6  1/2-1/2

[Event "Bodensee-Cup"]
[Site "Bodensee"]
[Date "1995.??.??"]
[Round "?"]
[White "Fahnenschmidt, Gerhard"]
[Black "Vatter, Hans Joachim"]
[Result "1/2-1/2"]
[WhiteElo "2395"]
[BlackElo "2345"]

1.c4 e5 2.g3 c6 3.d4 d6 4.Nc3 Nf6 5.Bg2 Be7 6.Nf3 Nbd7 7.O-O O-O 8.e4 a6
9.a4 a5 10.h3 Re8 11.b3 Bf8 12.Kh2 exd4 13.Nxd4 Nc5 14.Re1 Qb6 15.Ba3 Bd7
16.Rb1 Rad8  1/2-1/2

[Event "Bonn GSK"]
[Site "Bonn"]
[Date "1995.??.??"]
[Round "10"]
[White "Podzielny, Karl Heinz"]
[Black "Slobodjan, Roman"]
[Result "1/2-1/2"]
[WhiteElo "2455"]
[BlackElo "2465"]

1.c4 e5 2.g3 Nc6 3.Bg2 g6 4.Nc3 d6 5.h4 h6 6.d3 Bg7 7.e4 Nf6 8.Nge2 a6 9.Nd5 Bg4
10.f3 Bd7 11.Be3 Nxd5 12.cxd5 Nd4 13.Bxd4 exd4 14.Bh3 Bxh3 15.Rxh3 c6 16.dxc6 bxc6
17.Kf1 O-O 18.Kg2 d5 19.Qc2 dxe4 20.fxe4 f5 21.Qc4+ Kh7 22.Nf4 Qb6 23.b3 fxe4
24.dxe4 Rae8 25.Re1 Be5 26.Nd3 Qc7 27.Qc2 c5 28.Qe2 c4 29.bxc4 Qxc4 30.Rhh1 Qc7
31.h5 Bxg3 32.hxg6+ Kg7 33.Ref1 Bf4 34.Rh3 Bg5 35.Rhf3 Rxf3 36.Qxf3 Kxg6
37.Nc5 Re5 38.Nd3 Re8 39.e5 Kg7 40.e6 Qe7 41.Nc5 Rf8 42.Qd5 Rxf1 43.Kxf1 Qf6+
44.Ke2 Qf4 45.Qd7+ Kg6 46.Kd3 h5 47.Qe8+ Kf5 48.Qf7+ Kg4 49.Qd7 Qf5+ 50.Kc4 h4
51.Qxd4+ Qf4 52.Ne4 Qf1+ 53.Kd5 Qf5+ 54.Kd6 Qf8+ 55.Kc6 Qc8+ 56.Kd5 Qa8+
57.Kc4 Qc6+ 58.Nc5+ Kf5 59.Qd3+ Ke5 60.Qe2+ Kd6 61.Qh2+ Ke7 62.Qf2 Bf6 63.Qf5 Kd6
64.Qf4+ Ke7 65.Qh6 Qb5+ 66.Kd5 Qb1 67.Qh5 Qxa2+ 68.Kc6 Qg2+ 69.Kc7 Be5+ 70.Kb6 Qb2+
71.Kc6 Qg2+  1/2-1/2

[Event "RUS-chT"]
[Site "Briansk"]
[Date "1995.??.??"]
[Round "4"]
[White "Obukhov, Alexander"]
[Black "Stripunsky, Alexander"]
[Result "0-1"]
[WhiteElo "2445"]
[BlackElo "2495"]

1.c4 e5 2.g3 c6 3.Nf3 e4 4.Nd4 Nf6 5.Bg2 d5 6.cxd5 Qxd5 7.Nc2 Qh5 8.h3 Bc5
9.Nc3 Qg6 10.Ne3 O-O 11.Qc2 Re8 12.Ncd5 cxd5 13.Qxc5 Nc6 14.O-O d4 15.Nc4 Bf5
16.b3 Rad8 17.a4 Rd5 18.Qa3 Qh5 19.Nd6 Bxh3 20.Nxe8 Ng4 21.Bxe4 Bg2 22.Bxh7+ Qxh7
23.Kxg2 Qe4+ 24.Kg1 Rh5  0-1

[Event "Brussels op"]
[Site "Brussels"]
[Date "1995.??.??"]
[Round "?"]
[White "Cekro, Ekrem"]
[Black "Vandevoort, Pascal"]
[Result "1-0"]
[WhiteElo "2440"]
[BlackElo "2305"]

1.c4 e5 2.g3 Nc6 3.Bg2 g6 4.Nc3 Bg7 5.e3 d6 6.Nge2 h5 7.h4 Nh6 8.Rb1 a5 9.a3 Bg4
10.Qc2 O-O 11.d3 Qd7 12.Nd5 Rae8 13.Nec3 Kh7 14.Ne4 f6 15.Bd2 Kh8 16.f3 Be6
17.O-O Bh3 18.Bc3 Bxg2 19.Kxg2 f5 20.Ng5 f4 21.exf4 Nd4 22.Bxd4 exd4 23.Rbe1 Nf5
24.c5 dxc5 25.Qxc5 b6 26.Qc4 c6 27.Nxb6 Qb7 28.Qc5 Ne3+ 29.Rxe3 dxe3 30.Re1 Rf5
31.Rxe3 Ref8 32.Re5 Bxe5 33.fxe5 Qc7 34.Nc4 Re8 35.Nd6 Rexe5 36.Ngf7+  1-0

[Event "Brussels op"]
[Site "Brussels"]
[Date "1995.??.??"]
[Round "?"]
[White "Cekro, Ekrem"]
[Black "Grobelny, Fabrice"]
[Result "1-0"]
[WhiteElo "2440"]
[BlackElo "1975"]

1.c4 e5 2.g3 Nc6 3.Bg2 f5 4.Nc3 Nf6 5.e3 g6 6.Nge2 Bg7 7.O-O O-O 8.b3 d6
9.Bb2 Ne7 10.d4 c6 11.dxe5 dxe5 12.Ba3 Kf7 13.Qc2 Qa5 14.Bd6 Ne8 15.b4 Qa3
16.b5 cxb5 17.Bxe7 Kxe7 18.Nxb5 Qa5 19.Rad1 Rb8 20.Qd2  1-0

[Event "Budapest FS07 IM-B"]
[Site "Budapest"]
[Date "1995.??.??"]
[Round "?"]
[White "Breier, Andreas"]
[Black "Farago, Sandor"]
[Result "0-1"]
[WhiteElo "2225"]
[BlackElo "2360"]

1.c4 e5 2.g3 Nc6 3.Nc3 g6 4.Nf3 Bg7 5.Bg2 Nge7 6.d3 O-O 7.O-O a6 8.Bg5 h6
9.Bd2 Rb8 10.Qc1 Kh7 11.a4 d6 12.Nd5 Nxd5 13.cxd5 Ne7 14.e4 c6 15.dxc6 bxc6
16.Bc3 c5 17.Qe1 Nc6 18.Nd2 Be6 19.f4 exf4 20.gxf4 Nd4 21.Qf2 f5 22.Nc4 fxe4
23.Ba5 Qd7 24.Nb6 Qa7 25.Nc4 Bxc4 26.dxc4 Nb3  0-1

[Event "Budapest FS05 IM"]
[Site "Budapest"]
[Date "1995.??.??"]
[Round "2"]
[White "Brauer, Christian"]
[Black "Jamrich, Gyorgy"]
[Result "1/2-1/2"]
[WhiteElo "2175"]
[BlackElo "2195"]

1.c4 e5 2.g3 Nc6 3.Bg2 d6 4.Nc3 Be6 5.d3 Qd7 6.b4 Nf6 7.b5 Nd8 8.a4 c6 9.Ba3 Be7
10.Qb3 h5 11.h4 Ng4 12.e3 f5 13.Nh3 Nf7 14.Rb1 c5 15.a5 O-O-O 16.Nd5 Bxd5
17.Bxd5 Rdf8 18.a6 b6 19.Qd1 Nd8 20.Bg2 Rf7 21.Qf3 Qc7 22.Bb2 Rhf8 23.Kd1 g6
24.Kc2 Bf6 25.Kb3 Re7 26.Rhd1 Nf7 27.Rd2 Nd8 28.Rbd1 Ne6 29.Bc3 Nd8 30.Bb2  1/2-1/2

[Event "Budapest FS11 IM-B"]
[Site "Budapest"]
[Date "1995.??.??"]
[Round "3"]
[White "Kuljabin, Vadim"]
[Black "Levacic, Patrick"]
[Result "1-0"]
[WhiteElo "2230"]
[BlackElo "2345"]

1.c4 e5 2.g3 Nc6 3.Bg2 Bc5 4.Nc3 Nf6 5.e3 d6 6.Nge2 Bb6 7.O-O Bf5 8.d3 Qd7
9.Ne4 Nxe4 10.dxe4 Be6 11.b3 O-O 12.Nc3 f5 13.exf5 Bxf5 14.Ne4 Qe8 15.Ba3 Qg6
16.Qd3 Rfd8 17.Rfd1 Kh8 18.h3 h5 19.Rac1 Rd7 20.Qd5 Rad8 21.Nc3 Be6 22.Qe4 Qg5
23.h4 Qh6 24.b4 Bg4 25.Rf1 a6 26.Qd3 Ne7 27.Ne4 Bf5 28.Qb3 Bxe4 29.Bxe4 c6
30.b5 axb5 31.cxb5 c5 32.Bg2 Qf6 33.e4 Ng6 34.Qd1 Ra8 35.Qxh5+ Kg8 36.Rc3 Qe6
37.Kh2 Rf7 38.Bh3 Qf6 39.Qe2 Ra4 40.Bc1  1-0

[Event "HUN-ch"]
[Site "Budapest"]
[Date "1995.??.??"]
[Round "3"]
[White "Ruck, Robert"]
[Black "Horvath, Csaba"]
[Result "1/2-1/2"]
[WhiteElo "2435"]
[BlackElo "2540"]

1.c4 e5 2.g3 Nc6 3.Bg2 g6 4.Nc3 Bg7 5.e3 d6 6.Nge2 h5 7.d4 h4 8.d5 Nb8 9.e4 Bg4
10.Qd3 Nd7 11.Be3 h3 12.Bf1 f5 13.O-O-O Ngf6 14.exf5 Bxf5 15.Qd2 Ng4 16.Ng1 Nxe3
17.fxe3 Nc5 18.Nf3 Qd7 19.Be2 Bh6 20.Nh4 Ne4 21.Nxe4 Bxe4 22.Rhf1 O-O-O 23.Bd3 Qg4
24.Rf7 Rhf8  1/2-1/2

[Event "Budapest Hungaroil"]
[Site "Budapest"]
[Date "1995.??.??"]
[Round "3"]
[White "Hoelzl, Franz"]
[Black "Fogarasi, Tibor"]
[Result "0-1"]
[WhiteElo "2355"]
[BlackElo "2500"]

1.c4 e5 2.g3 Nf6 3.Bg2 g6 4.d4 exd4 5.Qxd4 Nc6 6.Qd2 Bg7 7.Nc3 O-O 8.Nh3 d6
9.Nf4 Bf5 10.O-O Re8 11.b3 Ne4 12.Bxe4 Bxe4 13.Bb2 Bf5 14.Nfd5 Nd4 15.Ne3 Bh3
16.Ncd5 Bxf1 17.Bxd4 Bh3 18.Rd1 c6 19.Bxg7 Kxg7 20.Qc3+ f6 21.Nf4 Be6 22.c5 d5
23.Nc4 Qc7 24.Nd6 Re7 25.h4 Rd8 26.h5 Rxd6 27.cxd6 Qxd6 28.e4 Bf7 29.exd5 cxd5
30.hxg6 hxg6 31.Qd4 b6 32.Kf1 g5 33.Ng2 Qe5 34.Ne3 Qxd4 35.Rxd4 Re5 36.Ke2 Kf8
37.Kd2 Ke7 38.Kc3 Kd7 39.b4 Kc6 40.a4 Bg6 41.Ng4 Re6 42.Rd1 Bh5  0-1

[Event "Budapest Statistika"]
[Site "Budapest"]
[Date "1995.??.??"]
[Round "4"]
[White "Kraschl, Joerg"]
[Black "Lengyel, Bela"]
[Result "1-0"]
[WhiteElo "2320"]
[BlackElo "2425"]

1.c4 e5 2.g3 Nf6 3.Bg2 d5 4.cxd5 Nxd5 5.Nc3 Nb6 6.Nf3 Nc6 7.O-O Be7 8.a3 O-O
9.d3 Be6 10.b4 a5 11.b5 Nd4 12.Nd2 c6 13.bxc6 Nxc6 14.Rb1 Rc8 15.e3 Nd5 16.Nxd5 Bxd5
17.Bxd5 Qxd5 18.Nc4 Rcd8 19.Qa4 e4 20.d4 Qe6 21.Rxb7 Nxd4 22.exd4 Rxd4 23.Rc7 Rc8
24.Rxc8+ Qxc8 25.Nb6 Qd8 26.Qxa5 Bf8 27.Be3 Rd1 28.h3 Rd3 29.a4 Qd6 30.Nc4 Qe6
31.Nd2 Rd5 32.Qa8 Rh5 33.Qxe4 Qxh3 34.Rb1 Qh2+ 35.Kf1 Qh3+ 36.Ke2 Qc8 37.Rb5 Qa6
38.Qb7 Qg6 39.Rxh5 Qxh5+ 40.Qf3 Qa5 41.Qf4 g6 42.Qc4 Qh5+ 43.Nf3 Qf5 44.Qb5 Qc2+
45.Kf1 Qa2 46.a5 Bd6 47.a6 Bxg3 48.fxg3 Qa1+ 49.Kg2 Qa2+ 50.Bf2 Qxf2+ 51.Kxf2  1-0

[Event "Budapest FS05 IM"]
[Site "Budapest"]
[Date "1995.??.??"]
[Round "5"]
[White "Shurygin, Sergey"]
[Black "Dao Thien Hai"]
[Result "1/2-1/2"]
[WhiteElo "2295"]
[BlackElo "2480"]

1.c4 e5 2.g3 Nf6 3.Bg2 c6 4.d4 exd4 5.Qxd4 d5 6.Bg5 Be7 7.cxd5 cxd5 8.Nc3 Nc6
9.Qa4 O-O 10.e3 d4 11.exd4 Qxd4 12.Qxd4 Nxd4 13.O-O-O Ne6 14.Be3 Ng4 15.Nd5 Bd8
16.Ne2 Nxe3 17.Nxe3 Rb8 18.Nc3 b5 19.Kb1 Nc7 20.Rd2 b4 21.Ne4 Nb5 22.Ka1 Be6
23.Nc5 Bb6 24.Nd7 Bxd7 25.Rxd7 Rbe8 26.Rd3 Rd8 27.Rhd1 Rxd3 28.Rxd3 g6 29.Kb1 f5
30.Bd5+ Kh8 31.Bc4 Nc7 32.Kc2 Ne8 33.Kb3 Nf6 34.f3 Rb8 35.Nd5 Nd7 36.Rd2 Bg1
37.Rg2 Bd4 38.Rd2 Bg7 39.Ne7 Ne5 40.Be2 Bf8 41.Rd5 Bxe7 42.Rxe5 Rb7  1/2-1/2

[Event "Budapest FS02 IM-B"]
[Site "Budapest"]
[Date "1995.??.??"]
[Round "8"]
[White "Zemerov, Vladimir"]
[Black "Lengyel, Bela"]
[Result "1/2-1/2"]
[WhiteElo "2430"]
[BlackElo "2320"]

1.c4 e5 2.g3 Nf6 3.Bg2 d5 4.cxd5 Nxd5 5.Nc3 Nb6 6.d3 Be7 7.a3 O-O 8.Be3 f5
9.Rc1 Kh8 10.Na4 Bd6 11.Nc5 c6 12.Nf3 Nd5 13.Bg5 Nf6 14.O-O Qe7 15.Qc2 Nbd7
16.Nxd7 Bxd7 17.e4 fxe4 18.dxe4 Bc7 19.Nh4 Qf7 20.Be3 Be6 21.b4 Ng4 22.Bc5 Rfd8
23.h3 Nf6 24.Be3 Rd7 25.Rfd1 Rxd1+ 26.Qxd1 a5 27.Qc2 axb4 28.axb4 Ne8 29.Nf3 h6
30.Kh2 Qh5 31.Nh4 Nd6 32.Qc5 Nb5 33.Qe7 Qf7 34.Qxf7 Bxf7 35.Bf1 Nd6 36.b5 Be8
37.bxc6 bxc6 38.Nf5 Nxe4 39.Bg2 Nd6 40.Nxd6 Bxd6 41.Bxc6 Rc8 42.Bxe8 Rxe8
43.Rc6 Bf8 44.Kg2 Kg8 45.Kf3 e4+ 46.Kg4 Kh7 47.Kf4 h5 48.Bd4 Bb4 49.Ke3 Bf8
50.Ra6 g6 51.Ra7+ Kg8 52.Rd7 Bh6+ 53.Ke2 Re6 54.Rd8+ Kf7 55.Rh8 Bf8 56.Ke3 Re8
57.Rh7+ Kg8 58.Rb7 Bh6+ 59.Ke2 Re6 60.Rd7 Bf8 61.Rc7 Bh6 62.Rc8+ Kf7 63.Rh8 Bf8
64.Rh7+ Kg8 65.Rb7 Bh6 66.Be3 Bg7 67.Kf1 Bf8 68.Kg2 Bg7  1/2-1/2

[Event "Budapest FS03 GM"]
[Site "Budapest"]
[Date "1995.??.??"]
[Round "8"]
[White "Csom, Istvan"]
[Black "Anka, Emil"]
[Result "1/2-1/2"]
[WhiteElo "2455"]
[BlackElo "2410"]

1.c4 e5 2.g3 Nf6 3.Bg2 d5 4.cxd5 Nxd5 5.Nc3 Nb6 6.d3 Be7 7.a3 O-O 8.Nf3 Nc6
9.b4 Re8 10.O-O Bf8 11.Bg5 f6 12.Be3 a5 13.b5 Nd4 14.Bxd4 exd4 15.Na4 Kh8
16.Re1 Nxa4 17.Qxa4 Bc5 18.Nd2 Bb6 19.Nc4 Rb8 20.Rac1 Be6 21.Nxb6 cxb6 22.e3 dxe3
23.Rxe3 Qd6 24.Rce1 Bd7 25.d4 g6 26.h4 Kg7 27.Qb3 Rxe3 28.Rxe3 Re8 29.Rxe8 Bxe8
30.Qd3 Qc7 31.Bd5 Bd7 32.Kg2 Bf5 33.Qe3 Qd7 34.Bc4 h6 35.Bb3 g5 36.a4 Bg6
37.hxg5 hxg5 38.Kg1 Qd6 39.Qc3 Qe7 40.Bd5 Qd7 41.Bb3 Qe7 42.Bd5 Qd7 43.Bf3 Bf5
44.Qc4 Qc8 45.Qxc8 Bxc8 46.Kf1 Bf5 47.Ke1 Kf7 48.Kd2 Bc8 49.Ke3 Ke7 50.Ke4 Kd6
51.Kd3 Kc7 52.Be4 Kd6 53.Kc3 Kc7 54.f3 f5 55.Bd5 Kd6 56.Kc4 Kc7 57.f4 g4
58.Bg8 Kd6 59.Bd5 Kc7 60.Bf7 Kd6 61.d5 Bd7 62.Kd4 Bc8 63.Be8 Ke7 64.Bg6 Kd6  1/2-1/2

[Event "Budapest FS09 IM-A"]
[Site "Budapest"]
[Date "1995.??.??"]
[Round "9"]
[White "Giddins, Stephen"]
[Black "Hedman, Erik"]
[Result "0-1"]
[WhiteElo "2345"]
[BlackElo "2320"]

1.c4 e5 2.g3 Nf6 3.Bg2 Nc6 4.Nc3 Bc5 5.e3 O-O 6.Nge2 Re8 7.O-O e4 8.Qc2 Nb4
9.Qb1 d5 10.a3 Nd3 11.b4 Bd6 12.cxd5 Bf5 13.Qb3 Qd7 14.Nd4 Bg6 15.f4 exf3
16.Nxf3 a5 17.bxa5 Rxa5 18.Qd1 Nxd5 19.Nxd5 Rxd5 20.Nd4 Rxd4 21.exd4 Bf8
22.Bb2 Nxb2 23.Qb3 Qxd4+ 24.Kh1 Nd3 25.Qc3 Nf2+  0-1

[Event "Buenos Aires Najdorf"]
[Site "Buenos Aires"]
[Date "1995.??.??"]
[Round "5"]
[White "Giardelli, Sergio C"]
[Black "San Segundo, Pablo"]
[Result "1-0"]
[WhiteElo "2445"]
[BlackElo "2520"]

1.c4 e5 2.g3 Nc6 3.Bg2 g6 4.Nc3 Bg7 5.Rb1 Nf6 6.d3 O-O 7.b4 Ne7 8.Nf3 d5
9.cxd5 Nfxd5 10.Nxd5 Nxd5 11.Qc2 a5 12.bxa5 Rxa5 13.O-O b6 14.Nd2 Ra7 15.Nc4 Be6
16.a3 e4 17.Rb3 Nf6 18.dxe4 Qe8 19.Rb4 Nd7 20.Ne3 Nc5 21.Nd5 Bxd5 22.exd5 f5
23.d6 cxd6 24.Rxb6 Qd8 25.Rc6 Re8 26.Rd1 Rd7 27.Bb2 Ne4 28.Bxg7 Kxg7 29.Bxe4 fxe4
30.Qc3+ Kg8 31.Qd4 Re6 32.a4 Qf6 33.Qxf6 Rxf6 34.e3 Kf7 35.a5 Rf5 36.Ra1 Ke6
37.a6 Ra7 38.Ra4 Kd7 39.Rb6 Kc7 40.Rab4 Ra5 41.Rb7+ Rxb7 42.axb7 Kb8 43.Rxe4  1-0